000 01336nam a2200229Ia 4500
003 Ost
005 20260507075045.0
008 260507s9999||||xx |||||||||||||| ||und||
040 _cfsecg
041 _aara
082 _a381.142
100 _aحجازي، عبد الفتاح بيومي
_eمؤلف
245 0 _aالنظام القانوني لحماية الحكومية الإلكترونية :
_bالحماية الجنائية والمعلوماتية لنظام الحكومة الالكترونية /
_c عبد الفتاح بيومي حجازي
260 _aالاسكندرية:
_bدار الفكر الجامعي,
_c2003
300 _a387 صفحة؛
_c24 سم
504 _aمراجع ص.367
520 _a-الحماية المعلوماتية لنظام الحكومة الاليكترونية بالتطرق الى إجراءات أمن و سرية المعلومات و خصوصية المعلومات و الجدار الناري أو حوائط المنع و مكافحة الفيروسات و عملية النسخ الاحتياطي و الاسترجاع لنظم و قواعد البيانات و كلمات السر أو العبور و التوقيع الالكت
653 _aالالكترونيات
653 _aالتجارة الالكترونية
653 _aالجرائم
942 _cكتاب
999 _c42556
_d42556